Matrimonio de Sabuesos

Colección de cuentos de misterio que giran entorno del matrimonio Tommy y Tuppence, donde van investigando distintos misterios mientras están a cargo de la agencia internacional de detectives. Contiene quince misterios que conllevan estilos y parodias a diferentes detectives de la época. El libro se...

Szczegółowa specyfikacja

Zapisane w:
Opis bibliograficzny
1. autor: Christie, Agatha
Format: Książka
Język:Undetermined
Wydane: Barcelona, España Molino [s.f.]
Hasła przedmiotowe:
Etykiety: Dodaj etykietę
Nie ma etykietki, Dołącz pierwszą etykiete!

MARC

LEADER 00000nam a2200000Ia 4500
008 170316s9999 xx 000 0 und d
040 |a cru BVZT 
090 |a 820 CH-3ma 
100 |a Christie, Agatha 
245 |a Matrimonio de Sabuesos 
260 |a Barcelona, España 
260 |b Molino 
260 |c [s.f.] 
300 |a 254 páginas 
520 |a Colección de cuentos de misterio que giran entorno del matrimonio Tommy y Tuppence, donde van investigando distintos misterios mientras están a cargo de la agencia internacional de detectives. Contiene quince misterios que conllevan estilos y parodias a diferentes detectives de la época. El libro se encuentra en español 
650 |a LITERATURA INGLESA  |9 12 
999 |c 6816  |d 6816 
942 |c 15 D  |h 820 CH-3ma  |2 z